Culture Générale - Série 417 - Statistiques

Statistiques générales
  • Ce quiz a été pris 798 fois
    174 depuis la dernière actualisation
  • Le résultat moyen est 5 sur 10
Statistiques - réponses
Question Réponse % Correct
Qu'appelle-t-on familièrement les "tifs" ? cheveux
95%
Complétez cette réplique du film "Terminator 2 : le jugement dernier": "Hasta la vista,... Baby
90%
Quel mot anglais, d'origine sioux, désigne les tentes coniques des Indiens d'Amérique du Nord ? Tipi
88%
Quel pilote français a été sacré cinq fois champion du monde des rallyes entre 2004 et 2008 ? Sébastien Loeb
74%
Quelle pâte vert clair parfois appelée "raifort vert" ou "raifort japonais" utilise-t-on dans la cuisine japonaise ? wasabi
72%
Quel nom donne-t-on au matelas d'origine japonaise constitué de couches de coton ? futon
48%
A quelle troupe d'humoristes appartenaient les acteurs François Morel et Yolande Moreau ? Les Deschiens
33%
Quel architecte américain d'origine chinoise a conçu la Pyramide du Louvre ? Pei
24%
De quel pays les yakitoris, les makis et les sashimis sont-ils des spécialités culinaires ? Japon
20%
Quel est le vrai prénom d'Orlando, agent artistique et frère cadet de Dalida ? Bruno
4%
Aucun quiz correspondant
Distribution des résultats
% des personnes avec chaque résultat
Percentile par nombre de réponses
Votre historique - résultats
Vous n’avez pas pris ce quiz depuis la dernière actualisation